Zdaňovanie neziskových organizácií v Slovenskej republike a jeho niektoré problémy

Neziskové organizácie ako daňové subjekty podliehajúce ustanoveniam zákona o daniach z príjmov. Darcovia ako daňové subjekty poskytujúce dary neziskovým organizáciám. Neziskové organizácie ako daňové subjekty podliehajúce daňovým povinnostiam podľa osobitých právnych predpisov.

Saved in:
Bibliographic Details
Main Author: Neupauerová, Eva
Format: Book Chapter
Language:Slovak
Subjects:
Tags: Add Tag
No Tags, Be the first to tag this record!

MARC

LEADER 00000naa a2200000 4500
001 r034840
005 20231002071458.7
041 0 |a slo 
044 |a SK 
245 1 0 |a Zdaňovanie neziskových organizácií v Slovenskej republike a jeho niektoré problémy  |c Eva Neupauerová 
520 |a Neziskové organizácie ako daňové subjekty podliehajúce ustanoveniam zákona o daniach z príjmov. Darcovia ako daňové subjekty poskytujúce dary neziskovým organizáciám. Neziskové organizácie ako daňové subjekty podliehajúce daňovým povinnostiam podľa osobitých právnych predpisov. 
610 2 0 |a zdaňovanie 
610 2 0 |a organizácie neziskové 
610 2 0 |a Slovensko 
610 2 0 |a združenia občianske 
610 2 0 |a nadácie 
610 2 0 |a fondy neinvestičné 
610 2 0 |a zákony 
610 2 0 |a dary 
610 2 0 |a podnikatelia 
610 2 0 |a dane z príjmov 
610 2 0 |a dane z hodnoty pridanej 
100 1 |a Neupauerová, Eva